Дело по отношению управляющего Новороссийскими губерниями об укреплении берега против вновь строящегося пакгауза для товаров, за...

Доступно только в Электронных читальных залах Найти на картеНа карте
RUSMARC
00004315nmc2a2200000 x 450
0013a564887-014a-4cdb-bc1f-3897338fb359
00520160315212930.0
100##$a20150918l18271828k l0rusy0189 ca
1010#$arus
102##$aRU
2001#$aДело по отношению управляющего Новороссийскими губерниями об укреплении берега против вновь строящегося пакгауза для товаров, заразе подверженных
$j18 мая 1827 г. - 12 июня 1828 г.
251##$cДело
300##$aДело
300##$aОриг. заголовок дела: Дело с препровождением отношения в Департамент государственного хозяйства и публичных зданий управляющего Новороссийскими губерниями об укреплении берега против вновь строящегося пакгауза в Одессе для товаров, заразе подверженных. 18 мая 1827 г. - 12 июня 1828 г
801#0$aRU
$bРГИА
$c20150918
$gRCR
801#1$aRU
$bГлавНИВЦ
$c20150918
$2rusmarc
801#2$aRU
$bПБ им. Б.Н. Ельцина
$c20160315
$gRCR
$2rusmarc
850##$aРГИА
852##$aРГИА
$eФедеральное казенное учреждение "Российский государственный исторический архив" (РГИА)
$j152
937##$hРГИА
$d12155007
$aASBIBLIO_SCAN
462#0$10017fd3927d-4299-432a-b013-26f3e840c420
$12001
$a1826-1829 гг. Дела Департамента полиции исполнительной МВД за 1827 г.
$1251
$cОпись
$1852
$j4
461#0$10013e300ed0-cd39-49af-8489-5ba5b90fa401
$12001
$aДепартамент полиции исполнительной МВД
$1251
$cФонд
$1852
$j1286
215##$a32 л.
$d36,5х26 см
$cплан.
371##$aДокумент не является опубликованным и широко распространяемым
105##$ae###
1222#$ad
5171#$aДело с препровождением отношения в Департамент государственного хозяйства и публичных зданий управляющего Новороссийскими губерниями об укреплении берега против вновь строящегося пакгауза в Одессе для товаров, заразе подверженных. 18 мая 1827 г. - 12 июня 1828 г
035##$a3a564887-014a-4cdb-bc1f-3897338fb359
Формат отображения